Persona y familia: escritos selectos
Saved in:
| Main Author: | |
|---|---|
| Format: | Book |
| Language: | Spanish |
| Published: |
s.l
Hammurabi
2018
|
| Edition: | 1a. ed |
| Series: | Estudios de Derecho Comparado
|
| Subjects: | |
| Tags: |
Add Tag
No Tags, Be the first to tag this record!
|
MARC
| LEADER | 00000cam a2200000 a 4500 | ||
|---|---|---|---|
| 001 | UCC4738 | ||
| 003 | CL-VaPUC | ||
| 008 | 180824e20180000cl |||||||||||||||||spa|d | ||
| 020 | |a 9789569952111 | ||
| 082 | 0 | 4 | |a 346.015 |b VER |2 21 |
| 100 | 0 | |a Verda y Beamonte, José Ramón de |e author |9 598933 | |
| 245 | 1 | 0 | |a Persona y familia: escritos selectos |
| 250 | |a 1a. ed | ||
| 300 | |a 497 p | ||
| 942 | |c BK | ||
| 945 | |d 20180824 13:39:00 |a dcastane | ||
| 260 | |a s.l |b Hammurabi |c 2018 | ||
| 650 | 0 | |a Derecho de familia |9 255603 | |
| 650 | 0 | |a Derecho comparado |9 255664 | |
| 650 | 0 | |a Derecho sucesorio |9 255015 | |
| 650 | 0 | |a Código civil |9 256135 | |
| 650 | 7 | |a MATRIMONIO |2 CL-VaPUC |9 598934 | |
| 583 | |a last modification |c 20180824 13:39:00 |k Rodrigo Vera | ||
| 490 | 0 | |a Estudios de Derecho Comparado | |
| 999 | |c 372156 |d 372154 | ||
| 952 | |0 0 |1 0 |3 erb |4 0 |6 346_015000000000000_VER_2018 |7 0 |8 A |9 489433 |a BIBDER |b BIBDER |i 549124K |o 346.015 VER 2018 |p 549124K |r 2023-01-25 |w 2019-11-24 |y BK |z Catalogado en:20180824 |k DER | ||